LEGO Series 14 Minifigures by Picture - Statistics

General Stats
  • This quiz has been taken 10 times
  • The average score is 12 of 16
Answer Stats
Picture Answer % Correct
Fly Monster
100%
Gargoyle
100%
Banshee
75%
Plant Monster
75%
Specter
75%
Square Foot
75%
Tiger Woman
75%
Zombie Businessman
75%
Zombie Cheerleader
75%
Zombie Pirate
75%
Monster Rocker
63%
Monster Scientist
63%
Skelton Guy
63%
Wolf Guy
63%
Spider Lady
50%
Wacky Witch
50%
No matching quizzes found
Score Distribution
Percent of People with Each Score
Percentile by Number Answered
Your Score History
You have not taken this quiz